000 00434nam a22001817a 4500
005 20230529110120.0
008 230524b |||||||| |||| 00| 0 eng d
020 _a9789332505759
082 _a621.81
_bKUM-B
100 _aKumar, Pravin
245 _aBasic Mechanical Engineering
260 _aIndia
_bPearson
_c2013
300 _a615
500 _aIndex Given
650 _aEngineering
700 _aPravin;Kumar
999 _c18491
_d18491